Markets (Record no. 82793)

MARC details
000 -LEADER
fixed length control field 01231cad a22002175a 4500
001 - CONTROL NUMBER
control field L151426
008 - FIXED-LENGTH DATA ELEMENTS--GENERAL INFORMATION
fixed length control field 101103e2010 xxk 000 0 eng d
035 ## - SYSTEM CONTROL NUMBER
System control number (Sirsi) u151426
041 0# - LANGUAGE CODE
Language code of text/sound track or separate title eng
100 1# - MAIN ENTRY--PERSONAL NAME
Personal name Eade, Christine
245 00 - TITLE STATEMENT
Title Markets
Remainder of title Thames Gateway
260 ## - PUBLICATION, DISTRIBUTION, ETC.
Date of publication, distribution, etc. 2010
490 #0 - SERIES STATEMENT
Series statement Property Week
Volume/sequential designation 76(43) 29 October 2010, 51-56(4)
520 ## - SUMMARY, ETC.
Summary, etc. Essential Land has revealed the masterplan for its 33 acre Dartford site and started consulting on the future of 18 acres at Sittingbourne Paper Mill. Lakeside, Thurrock's extension plans could be delayed as a result of the abolition of 500 quangos. Berkeley First has secured planning consent for its Boathouse residential scheme next to Gillingham Marina. Three Greenwich Peninsular projects will move forward in November. Thames Gateway industrial landlords are experiencing an increase in short-term requirements related to the 2012 Olympic Games. Siemens consolidates its London office space at Royal Victoria Docks.
590 ## - LOCAL NOTE (RLIN)
Local note KA
651 #4 - SUBJECT ADDED ENTRY--GEOGRAPHIC NAME
Geographic name England
Chronological subdivision 886-
690 ## - LOCAL SUBJECT ADDED ENTRY--TOPICAL TERM (OCLC, RLIN)
Topical term or geographic name as entry element PROPERTY-COMMERCIAL PROPERTY-COMMERCIAL PROPERTY MARKET
690 ## - LOCAL SUBJECT ADDED ENTRY--TOPICAL TERM (OCLC, RLIN)
Topical term or geographic name as entry element PROPERTY-COMMERCIAL PROPERTY-COMMERCIAL PROPERTY FINANCE AND INVESTMENT
700 1# - ADDED ENTRY--PERSONAL NAME
Personal name Shah, Aditi
942 ## - ADDED ENTRY ELEMENTS (KOHA)
Suppress in OPAC 0
Holdings
Withdrawn status Lost status Source of classification or shelving scheme Damaged status Not for loan Home library Current library Shelving location Date acquired Total Checkouts Full call number Barcode Date last seen Copy number Price effective from Koha item type
    Dewey Decimal Classification     London London Journal article 03/11/2010   L151426 151426-1001 06/08/2019 1 06/08/2019 Journal article